Covulcanisation of natural rubber and chlorobutyl rubber : effect of curative diffusion between phases and ZnCl2 addition (Record no. 56487)

MARC details
000 -LEADER
fixed length control field 00558nam a2200181Ia 4500
100 ## - MAIN ENTRY--AUTHOR NAME
Personal name Petrus K M
245 #0 - TITLE STATEMENT
Title Covulcanisation of natural rubber and chlorobutyl rubber : effect of curative diffusion between phases and ZnCl2 addition
260 ## - PUBLICATION, DISTRIBUTION, ETC. (IMPRINT)
Name of publisher Plastics, Rubber and Composites
Year of publication 2001
300 ## - PHYSICAL DESCRIPTION
Number of Pages 147-153
650 ## - SUBJECT ADDED ENTRY--TOPICAL TERM
Topical Term Chlorobutyl rubber
650 ## - SUBJECT ADDED ENTRY--TOPICAL TERM
Topical Term Covulcanisation
650 ## - SUBJECT ADDED ENTRY--TOPICAL TERM
Topical Term Curative diffusion
650 ## - SUBJECT ADDED ENTRY--TOPICAL TERM
Topical Term Natural rubber
700 ## - ADDED ENTRY--PERSONAL NAME
Personal name McGill W J
700 ## - ADDED ENTRY--PERSONAL NAME
Personal name Woolard C D
942 ## - ADDED ENTRY ELEMENTS (KOHA)
Koha item type Journals
Holdings
Withdrawn status Lost status Damaged status Not for loan Home library Current library Shelving location Date acquired Serial Enumeration / chronology Koha item type
      Journals RRII Library RRII Library Rubber chemistry 17/12/2021 Volume 30, Issue 4 Journals